| 000 | 00808nam a2200253 a 4500 | ||
|---|---|---|---|
| 001 | BRCA_7524 | ||
| 005 | 20190320205855.0 | ||
| 008 | 160513s1950----sp-a###f##---#001-0#spa-# | ||
| 041 | _aspa | ||
| 044 | _asp | ||
| 050 | 4 |
_aND813 _b.L34 1950 |
|
| 100 | 1 |
_aLafuente Ferrari, Enrique _92561 |
|
| 245 | 1 | 0 |
_aLa vida y el arte de Ignacio Zuloaga _cEnrique Lafuente Ferrari. |
| 260 |
_aMadrid _bInternacional _c1950 |
||
| 300 |
_a309 p. _bil. (algunas a color), 159 láminas _c30 cm. |
||
| 500 | _aIncluye índice onomástico e índice de ilustraciones | ||
| 500 | _aEjemplar numerado 1485 de 2,000 | ||
| 500 | _aR75 | ||
| 504 | _aBilbiografía p. 225-285 | ||
| 600 | 1 | 4 |
_aZuloaga Zabaleta, Ignacio _d1870-1945 _918562 |
| 650 | 1 | 4 |
_aPintores españoles _xBiografías _918563 |
| 902 | _aGFM | ||
| 942 |
_2lcc _cB |
||
| 999 |
_c7198 _d7198 |
||